Pumallalliq - El Elegido / (Record no. 23351)

000 -CABECERA
fixed length control field 00708nam a22002057i 4500
003 - IDENTIFICADOR DEL NÚMERO DE CONTROL
control field AR-CdUCM
008 - DATOS DE LONGITUD FIJA--INFORMACIÓN GENERAL
fixed length control field 250811b20172017 pe||||| |||| 00| 0 spa d
020 ## - NÚMERO INTERNACIONAL ESTÁNDAR DEL LIBRO
ISBN 978-612-47327-5-1
040 ## - FUENTE DE LA CATALOGACIÓN
Agencia/entidad que catalogó originalmente la obra MUNICIPALIDAD PROVINCIAL DEL CUSCO
Entidad que transcribió la catalogación BIBLIOTECA MUNICIPAL DEL CUSCO
082 ## - NÚMERO DE LA CLASIFICACIÓN DECIMAL DEWEY
No. de Clasificación 869.5661 / M2297E
Notacion interna M2297E
100 ## - ENTRADA PRINCIPAL--NOMBRE DE PERSONA
Nombre Personal Manya Salas, Juan Jesús
245 ## - MENCIÓN DE TÍTULO
Título Pumallalliq - El Elegido /
260 ## - PUBLICACIÓN, DISTRIBUCIÓN, ETC.
Lugar de publicación, distribución, etc. San Sebastián-Cusco :
Nombre de la editorial, distribuidor, etc. SERVICIOS AMERICANOS S.R.C.L. REGESA S.R.L.
Fecha de publicación, distribución, etc. 2017
300 ## - DESCRIPCIÓN FÍSICA
Nº de Páginas Extensión 136 páginas. :
Dimensiones 21x17 cm.
500 ## - NOTA GENERAL
Bibliografía páginas 134-135
505 ## - NOTA DE CONTENIDO CON FORMATO
Nota de contenido formateada Yana K'uychi -- Yawar Mayu -- Yanapanakuy -- Sirpay -- Puma Llali
942 ## - ELEMENTOS DE PUNTO DE ACCESO ADICIONAL (KOHA)
Fuente de clasificación
Tipo de item Libros-BMC
945 ## - PROCESAMIENTO DE INFORMACIÓN LOCAL (OCLC)
Catalogador pbjr
AAAA-MM-DD - Fecha de ingreso o modificacion 11-08-2025
Holdings
Estado de retiro (separado) Fuente de clasificación o esquema de estanterías Estado dañado Ubicación Sala donde se ubica Nombre de la colección Fecha de adquisición o compra Fuente de adquisición Costo, precio normal en soles Signatura topográfica Código de Barras Última vez visto (Koha) Tipo de ítem (Koha)
No     Sala Humanidades Sala Humanidades Book Cart 2025-08-11 Donación 15.00 869.5661 / M2297E SH0000017017 2025-08-11 Libros-BMC

Powered by Koha